| 000 | 00633nam a22002177a 4500 | ||
|---|---|---|---|
| 003 | DO-SdBNP | ||
| 005 | 20250606111746.0 | ||
| 007 | ta | ||
| 008 | 220125b2021 ||||| |||| 00| 0 spa d | ||
| 020 | _a9789945615685 | ||
| 040 |
_aDO-SdBNP _bspa _cBNPHU |
||
| 082 | 4 |
_a372.241 _bC691p _222 |
|
| 245 |
_aColección primer grado : _blibro del niño y la niña / |
||
| 260 |
_aSanto Domingo : _bFe y Alegria, _c2021. |
||
| 300 |
_a237 p. : _bil. ; _c29 cm |
||
| 490 | 0 | _aColección Fe y Alegria | |
| 590 | _aInventariado, 2022 / DG | ||
| 650 | 0 |
_aEducación primaria _zRepública Dominicana _91420 |
|
| 910 | _aDG | ||
| 942 |
_2ddc _cLBS1 |
||
| 999 |
_c51212 _d51212 |
||